Click the Central American Country on a Borderless Map - Statistics

General Stats
  • This quiz has been taken 444 times
  • The average score is 6 of 7
Answers on the Map
Answers color-coded by a green-red scale on the quiz's map according to % correct below.
 
Answer Stats
Answer % Correct
Panama
97%
Belize
94%
Costa Rica
91%
Guatemala
89%
Nicaragua
89%
Honduras
85%
El Salvador
84%
No matching quizzes found
Score Distribution
Percent of People with Each Score
Percentile by Number Answered
Your Score History
You have not taken this quiz